Turizmus a ekologická a estetická kvalita krajiny

Guardado en:
Detalles Bibliográficos
Autor principal: Mišúnová, Ema
Formato: Capítulo de libro
Lenguaje:eslovaco
Etiquetas: Agregar Etiqueta
Sin Etiquetas, Sea el primero en etiquetar este registro!

MARC

LEADER 00000naa$a2200000$$$4500
001 0200717
005 20240502073408.3
041 0 |a slo 
044 |a SK 
245 1 0 |a Turizmus a ekologická a estetická kvalita krajiny  |c Ema Mišúnová 
100 1 |a Mišúnová, Ema